Systémy na správu dokumentov v samospráve bakalárska práca

Salvato in:
Dettagli Bibliografici
Autore principale: Arbetová, Anna
Ente Autore: Fakulta hospodárskej informatiky EU. Katedra aplikovanej informatiky
Altri autori: Bandurič, Igor, 1980-
Natura: Libro
Lingua:slovacco
Pubblicazione: Bratislava 2011
Tags: Aggiungi Tag
Nessun Tag, puoi essere il primo ad aggiungerne!!

MARC

LEADER 00000nbm a2200000 4500
001 0141015
005 20161109111728.4
041 0 |a slo 
044 |a SK 
245 1 0 |a Systémy na správu dokumentov v samospráve  |b bakalárska práca  |c Anna Arbetová ; školiteľ: Igor Bandurič 
264 1 |a Bratislava  |c 2011 
300 |a 39 s. 
100 1 |a Arbetová, Anna 
700 1 |a Bandurič, Igor, 1980- 
710 2 |a Fakulta hospodárskej informatiky EU. Katedra aplikovanej informatiky